00697nam a2200241 a 4500001001300000003000900013005001700022008004100039020001000080082001700090100002200107245004600129260003100175300000800206500003500214505001000249650002600259700002200285902000800307942000700315952011800322999001500440nice12345678IN_TiNIC20260116013011.0050524s1964 enga grp 000 0 eng  ac10000a231.745bHAR aHarper, Michael C aProphecyb a Gift for the Body of Christ. aEnglandbGreen & Co.c1964 a32p aincludes index and biblioraphy2 aIndex aProphecy-Christianity1 aHarper, Michael C bSRS cBK 001040708StackRoom-aHMIbHMId2007-06-15g100.00l0o231.745 HARp012279r2007-06-15v100.00w2005-05-24yBK c9219d9219